000
00245nam a2200097Ia 4500
001
805675
005
20250826171157.0
008
250824s9999 xx 000 0 und d
245
0
_a
ALPER TUNGA
_c
AHMET HALDUN TERZİOĞLU
260
_b
PANAMA YAYINLARI
999
_c
805675
_d
805675